20 năm tham quan nước Mỹ

Αποθηκεύτηκε σε:
Λεπτομέρειες βιβλιογραφικής εγγραφής
Κύριος συγγραφέας: PHI BẰNG
Μορφή: Βιβλίο
Γλώσσα:Undetermined
Έκδοση: Trẻ 2001
Ετικέτες: Προσθήκη ετικέτας
Δεν υπάρχουν, Καταχωρήστε ετικέτα πρώτοι!
Thư viện lưu trữ: Trung tâm Học liệu Trường Đại học Cần Thơ
LEADER 00378nam a2200145Ia 4500
001 CTU_48263
008 210402s9999 xx 000 0 und d
082 |a 973 
082 |b Ph300 
100 |a PHI BẰNG 
245 0 |a 20 năm tham quan nước Mỹ 
245 0 |c PHI BẰNG 
260 |b Trẻ 
260 |c 2001 
980 |a Trung tâm Học liệu Trường Đại học Cần Thơ